000 00997nam a2200289 a 4500
001 21765
003 BD-RjUL
005 20211209000727.0
008 140305s1968 mauabcj b 001 0aeng
035 _a(BD-RjUL)21830
035 _a(OCoLC)357987
040 _aDLC
_cDLC
_dBD-RjUL
_beng
041 _aeng
082 0 0 _a826.8
_bCAL 1968
100 1 _aCarlyle, Thomas,
_d1795-1881.
_963390
245 1 4 _aThe letters of Thomas Carlyle to his brother Alexander :
_bwith related family letters /
_cEdited by Edwin W. Marrs, Jr
260 _aCambridge, Mass :
_bBelknap Press of Harvard University Press,
_cc1968.
300 _axiii, 830 p. :
_billus., geneal. tables, map, ports ;
_c25 cm.
504 _aBibliography: p. [797]-799
504 _aIncludes index.
600 1 0 _aCarlyle, Thomas,
_d1795-1881
_xCorrespondence.
_967218
700 1 _aCarlyle, Alexander,
_d1797-1876.
_967219
700 1 _aMarrs, Edwin W.
_967220
942 _2ddc
_cBK
999 _c21765
_d21765